[Event "Some Davids looking for Goliaths!!"]
[Site "SchemingMind.com"]
[Date "2012.04.10"]
[Round "-"]
[White "spoke"]
[Black "John Galvin"]
[Result "0-1"]
[WhiteCountry "GER"]
[BlackCountry "USA"]
[WhiteElo "1837"]
[WhiteRD "68"]
[BlackElo "2307"]
[BlackRD "55"]
[GameID "307901"]

1. e4 c5 2. Nf3 d6 3. d4 cxd4 4. Nxd4 Nf6 5. Nc3 a6 6. f4 e5 7. Nf3 Nbd7 8. a4 Qc7 9. Bd3 b6 10. O-O Be7
11. Kh1 Nc5 12. Nd5 Nxd5 13. exd5 e4
0-1

[Event "Some Davids looking for Goliaths!!"]
[Site "SchemingMind.com"]
[Date "2012.04.09"]
[Round "-"]
[White "John Galvin"]
[Black "spoke"]
[Result "1-0"]
[WhiteCountry "USA"]
[BlackCountry "GER"]
[WhiteElo "2307"]
[WhiteRD "55"]
[BlackElo "1837"]
[BlackRD "68"]
[GameID "307907"]

1. e4 e5 2. Nf3 Nc6 3. Bb5 Bb4 4. O-O Nge7 5. c3 Ba5 6. Qa4 Bb6 7. d4 Ng6 8. Bg5 f6 9. Be3 O-O 10. Nbd2 exd4
11. cxd4 Na5 12. Rfe1 a6 13. Bd3 d5 14. exd5 Qxd5 15. b4 Qc6 16. Qd1
1-0

[Event "Some Davids looking for Goliaths!!"]
[Site "SchemingMind.com"]
[Date "2012.04.27"]
[Round "-"]
[White "pgmrdan"]
[Black "GreeneKing"]
[Result "0-1"]
[WhiteCountry "USA"]
[BlackCountry "SCO"]
[WhiteElo "1523"]
[WhiteRD "128"]
[BlackElo "1893"]
[BlackRD "92"]
[GameID "309366"]

1. e4 e5 2. Nf3 Nc6 3. Bc4 Bc5 4. c3 d6 5. d4 exd4 6. cxd4 Bb4+ 7. Bd2 Bxd2+ 8. Nbxd2 Nf6 9. O-O O-O 10. d5 Na5
11. Bd3 b6 12. Nb3 Nb7 13. Nbd4 Nc5 14. Bc2 Ncxe4 15. Bxe4 Nxe4 16. Qd3 Nc5 17. Qe2 Ba6 18. Nb5 Re8 19. Qc4 Re4 20. Qc2 Bxb5
21. Rfe1 Bd3 22. Qc3 Qd7 23. Rxe4 Bxe4 24. Nd2 Bxd5
0-1

[Event "Some Davids looking for Goliaths!!"]
[Site "SchemingMind.com"]
[Date "2012.04.27"]
[Round "-"]
[White "GreeneKing"]
[Black "pgmrdan"]
[Result "1-0"]
[WhiteCountry "SCO"]
[BlackCountry "USA"]
[WhiteElo "1893"]
[WhiteRD "92"]
[BlackElo "1523"]
[BlackRD "128"]
[GameID "309369"]

1. e4 e5 2. Nf3 Nc6 3. Bb5 a6 4. Ba4 Nf6 5. O-O Nxe4 6. Re1 d5 7. d3 Nc5 8. Bxc6+ bxc6 9. Nxe5 Qf6 10. Ng4+ Qe7
11. Rxe7+ Bxe7 12. Qe2 Bxg4 13. Qxg4 O-O 14. Bf4 Ne6 15. Be5 Bd8 16. Nd2 Bg5 17. Nf3 Be7 18. Nd4 Nxd4 19. Bxd4 f6 20. Qe6+ Rf7
21. Qxc6 Ra7 22. Bxa7 Bb4 23. c3 Bd6 24. Re1 Re7 25. Rxe7
1-0

[Event "Some Davids looking for Goliaths!!"]
[Site "SchemingMind.com"]
[Date "2012.04.29"]
[Round "-"]
[White "John Galvin"]
[Black "NYNH"]
[Result "1/2-1/2"]
[WhiteCountry "USA"]
[BlackCountry "USA"]
[WhiteElo "2355"]
[WhiteRD "63"]
[BlackElo "1996"]
[BlackRD "68"]
[GameID "309473"]

1. e4 e6 2. d4 d5 3. Nd2 c5 4. Ngf3 a6 5. dxc5 Bxc5 6. Bd3 Ne7 7. exd5 exd5 8. Nb3 Ba7 9. O-O h6 10. Qe2 O-O
11. Be3 Bxe3 12. Qxe3 Bf5 13. Bxf5 Nxf5 14. Qf4 Ne7 15. Rfe1 Ng6 16. Qf5 Nc6 17. Rad1 Nge7 18. Qg4 Qc8 19. Qxc8 Raxc8 20. c3 b5
21. Nfd4 Rfd8 22. f4 b4 23. Nc2 a5 24. Nxa5 Nxa5 25. Rxe7 bxc3 26. bxc3 Rxc3 27. Nb4 d4 28. Ra7 Nc4 29. Nc6 Re8 30. Nxd4 Rd8
31. Rc7 Ne3 32. Rxc3 Nxd1 33. Nc6 Nxc3 34. Nxd8=
1/2-1/2

[Event "Some Davids looking for Goliaths!!"]
[Site "SchemingMind.com"]
[Date "2012.04.30"]
[Round "-"]
[White "NYNH"]
[Black "John Galvin"]
[Result "0-1"]
[WhiteCountry "USA"]
[BlackCountry "USA"]
[WhiteElo "1996"]
[WhiteRD "68"]
[BlackElo "2355"]
[BlackRD "63"]
[GameID "309482"]

1. d4 Nf6 2. c4 g6 3. Nc3 d5 4. cxd5 Nxd5 5. e4 Nxc3 6. bxc3 Bg7 7. Bc4 c5 8. Ne2 Nc6 9. Be3 O-O 10. O-O Bg4
11. f3 Bd7 12. Rc1 Rc8 13. d5 Ne5 14. Bb3 b5 15. a4 bxa4 16. Bxa4 Nc4 17. Bxd7 Nxe3 18. Qd3 Nxf1 19. Bxc8 c4 20. Qxc4 Nd2
21. Qa2 Qb6+ 22. Kh1 Qe3 23. Ng1 Rxc8 24. Rd1 Bxc3 25. h3 a5 26. Qa4 Be5 27. g3 Nxf3 28. Rf1 Nxg1 29. Rxg1 Qf3+ 30. Kh2 Rc1
0-1

[Event "Some Davids looking for Goliaths!!"]
[Site "SchemingMind.com"]
[Date "2012.04.30"]
[Round "-"]
[White "kenneth m day"]
[Black "Clive Everill"]
[Result "0-1"]
[WhiteCountry "USA"]
[BlackCountry "CZE"]
[WhiteElo "1775"]
[WhiteRD "51"]
[BlackElo "1729"]
[BlackRD "55"]
[GameID "309530"]

1. e4 c5 2. b4 cxb4 3. a3 d5 4. e5 e6 5. axb4 Bxb4 6. Qg4 Bf8 7. d4 g6 8. Nf3 Bg7 9. Bd3 Ne7 10. Ba3 Nbc6
11. h4 Bd7 12. Nbd2 f5 13. exf6 Bxf6 14. Qf4 Nf5 15. c3 Be7 16. Bxe7 Qxe7 17. g4 Nd6 18. Ne5 Rf8 19. Qg3 a6 20. Ndf3 O-O-O
21. O-O Rf6 22. Ra2 Rdf8 23. Be2 Ne4 24. Qg2 Nxc3 25. Rc2 Nxe2+ 26. Rxe2 Nxe5 27. Nxe5 Bb5 28. Rc2+ Kb8 29. Rfc1 Qb4 30. Qg3 Ka7
31. Nd3 Qxd4 32. Ne5 h6 33. Kg2 Ba4 34. Re2 Qb4 35. Qe3+ Ka8 36. Rc7 Kb8 37. Qc1 Qd4 38. Nd7+ Bxd7 39. Rxd7 Rxf2+ 40. Rxf2 Qxf2+
41. Kh1 Qxh4+ 42. Kg1 Qxg4+ 43. Kh1 Qh4+ 44. Kg1 Qg5+
0-1

[Event "Some Davids looking for Goliaths!!"]
[Site "SchemingMind.com"]
[Date "2012.04.30"]
[Round "-"]
[White "Clive Everill"]
[Black "kenneth m day"]
[Result "1-0"]
[WhiteCountry "CZE"]
[BlackCountry "USA"]
[WhiteElo "1745"]
[WhiteRD "55"]
[BlackElo "1792"]
[BlackRD "55"]
[GameID "309532"]

1. e4 c5 2. Nf3 d6 3. c3 Nf6 4. Be2 Nc6 5. d4 cxd4 6. cxd4 Nxe4 7. d5 Qa5+ 8. Nc3 Nxc3 9. bxc3 Ne5 10. Nxe5 Qxc3+
11. Bd2 Qxe5 12. O-O g6 13. Bb5+ Bd7 14. Bxd7+ Kxd7 15. Qa4+ Kd8 16. Ba5+ b6 17. Bxb6+ axb6 18. Qxa8+ Kd7 19. Qc6+ Kd8 20. Rac1 e6
21. Qxb6+ Ke7 22. dxe6 fxe6 23. Rc7+ Kf6 24. Qb7 Bh6 25. Rf7+ Kg5 26. f4+
1-0

[Event "Some Davids looking for Goliaths!!"]
[Site "SchemingMind.com"]
[Date "2012.04.30"]
[Round "-"]
[White "lennart"]
[Black "PeterLiberty"]
[Result "1-0"]
[WhiteCountry "SWE"]
[BlackCountry "USA"]
[WhiteElo "1558"]
[WhiteRD "54"]
[BlackElo "1471"]
[BlackRD "68"]
[GameID "309579"]

1. e4 c5 2. Nc3 Nc6 3. Bd3 Nf6 4. h3 e6 5. Nf3 d6 6. O-O b6 7. Be2 Bb7 8. d3 Be7 9. b3 Nb4 10. a3 Nc6
11. d4 cxd4 12. Nb5 a6 13. Nbxd4 O-O 14. Bd3 Nxd4 15. Nxd4 Nxe4 16. Bb2 Nf6 17. c4 d5 18. cxd5 Bxd5 19. b4 b5 20. Qe1 Rc8
21. a4 Qd7 22. axb5 axb5 23. Nxb5 Ra8 24. Rc1 Rab8 25. Nc7 Bxb4 26. Bc3 Bxc3 27. Rxc3 Rbc8 28. Bb5 Qd8 29. Nxd5 Nxd5 30. Rxc8 Qxc8
31. Be2 Nc3 32. Bf3 Rd8 33. Qa1 Rd2 34. Rc1 g6 35. Rxc3 Qd8 36. Ra3 Rc2 37. Ra8
1-0

[Event "Some Davids looking for Goliaths!!"]
[Site "SchemingMind.com"]
[Date "2012.04.30"]
[Round "-"]
[White "PeterLiberty"]
[Black "lennart"]
[Result "1-0"]
[WhiteCountry "USA"]
[BlackCountry "SWE"]
[WhiteElo "1488"]
[WhiteRD "66"]
[BlackElo "1501"]
[BlackRD "53"]
[GameID "309586"]

1. e4 e5 2. Nf3 Nc6 3. d4 Nf6 4. dxe5 Nxe5 5. Nxe5 Nxe4 6. Qd5 Nd6 7. Bc4 Qf6 8. Bb3 Qe7 9. O-O c6 10. Qd4 Nb5
11. Qe4 d5 12. Qe2 Be6 13. Bd2 Nd4 14. Qd3 Nxb3 15. axb3 Qf6 16. Re1 Bd6 17. Bc3 Qh6 18. Bd2 Qh5 19. Bf4 Bc5 20. Nd2 O-O
21. Ndf3 f6 22. Qc3 Bb6 23. Nd3 Bf5 24. Bg3 Rad8 25. Nf4 Qf7 26. Rad1 g5 27. Nd3 Bg4 28. Re3 Bxe3 29. fxe3 Rfe8 30. Rf1 Rc8
31. Nxg5 Qg7 32. h3 Rxe3 33. hxg4 Rxg3 34. Rf3 Rxg4 35. Nf4 Rxg5 36. Kf1 Re8 37. g3 h5 38. Kf2 f5 39. Qxg7+ Kxg7 40. Nh3 Rg6
41. Nf4 Rd6 42. Nxh5+ Kh6 43. Rxf5 Kg6 44. g4 Rde6 45. Nf4+ Kg7 46. Nxe6+ Rxe6 47. c3 Kg6 48. Kf3 Rf6 49. Rxf6+ Kxf6 50. Kf4 Ke6
51. g5 Kf7 52. Kf5 Kg7 53. b4 a6 54. b3 b6 55. Ke5
1-0

[Event "Some Davids looking for Goliaths!!"]
[Site "SchemingMind.com"]
[Date "2012.06.27"]
[Round "-"]
[White "Olli Ylönen"]
[Black "bull mccabe"]
[Result "0-1"]
[WhiteCountry "FIN"]
[BlackCountry "IRL"]
[WhiteElo "1845"]
[WhiteRD "53"]
[BlackElo "1923"]
[BlackRD "140"]
[GameID "312599"]

1. e4 c5 2. c3 Nc6 3. d4 cxd4 4. cxd4 d5 5. exd5 Qxd5 6. Nf3 e5 7. Nc3 Bb4 8. Bd2 Bxc3 9. Bxc3 e4 10. Ne5 Nxe5
11. dxe5 Ne7 12. Qa4+ Bd7 13. Qa3 Qe6 14. Rd1 O-O 15. Be2 Rfd8 16. Rd6 Qf5 17. O-O Nc8 18. Rd5 Nb6 19. Rdd1 Qg5 20. f4 exf3
21. Bxf3 Bb5 22. Rxd8+ Rxd8 23. Rd1 Qe3+ 24. Kh1 Rxd1+ 25. Bxd1 Qd3
0-1

[Event "Some Davids looking for Goliaths!!"]
[Site "SchemingMind.com"]
[Date "2012.06.27"]
[Round "-"]
[White "bull mccabe"]
[Black "Olli Ylönen"]
[Result "1-0"]
[WhiteCountry "IRL"]
[BlackCountry "FIN"]
[WhiteElo "1961"]
[WhiteRD "134"]
[BlackElo "1863"]
[BlackRD "56"]
[GameID "312601"]

1. e4 e5 2. Nf3 Nc6 3. Bb5 f5 4. Nc3 fxe4 5. Nxe4 Nf6 6. Qe2 d5 7. Nxf6+ gxf6 8. d4 Bg7 9. dxe5 O-O 10. Bxc6 bxc6
11. e6 Re8 12. O-O Rxe6 13. Qd3 c5 14. Be3 d4 15. Bf4 Rb8 16. b3 Rb7 17. Qc4 Bf8 18. Rad1 Rb4 19. Qd3 Ba6 20. c4 Bd6
21. Bxd6 cxd6 22. Rfe1 Rxe1+ 23. Rxe1 Rb7 24. Qe4 Qf8 25. Qc6 Rb6 26. Qd5+ Kg7 27. Qh5 Rb8 28. Re4 d3 29. Rg4+ Kh8 30. Nh4 Qe8
31. Ng6+ Qxg6 32. Rxg6 Re8 33. h3 d2 34. Rxf6 Re1+ 35. Kh2 d1=Q 36. Rf8+ Kg7 37. Rf7+
1-0

[Event "Some Davids looking for Goliaths!!"]
[Site "SchemingMind.com"]
[Date "2012.07.12"]
[Round "-"]
[White "fouche"]
[Black "Coretismo"]
[Result "0-1"]
[WhiteCountry "COL"]
[BlackCountry "ENG"]
[WhiteElo "1571"]
[WhiteRD "70"]
[BlackElo "2039"]
[BlackRD "86"]
[GameID "314223"]

1. d4 Nf6 2. Nf3 g6 3. e3 d5 4. Bd3 Bg7 5. O-O O-O 6. Nbd2 c5 7. c3 Nc6 8. Ne5 Nxe5 9. dxe5 Ng4 10. Nf3 Nxe5
11. Be2 b6 12. Bd2 Bb7 13. Rc1 Nxf3+ 14. Bxf3 e5 15. c4 e4 16. Be2 Bxb2 17. Rc2 Bg7 18. cxd5 Bxd5 19. Bc3 Bxc3 20. Rxc3 Bxa2
21. Qc2 Bd5 22. Rd1 Qg5 23. Bc4 Bxc4 24. Rxc4 f5 25. Rd7 Rfd8 26. Qd1 Qe7 27. Qd5+ Kf8 28. Rxe7 Rxd5
0-1

[Event "Some Davids looking for Goliaths!!"]
[Site "SchemingMind.com"]
[Date "2012.07.13"]
[Round "-"]
[White "Coretismo"]
[Black "fouche"]
[Result "1-0"]
[WhiteCountry "ENG"]
[BlackCountry "COL"]
[WhiteElo "2039"]
[WhiteRD "86"]
[BlackElo "1571"]
[BlackRD "70"]
[GameID "314228"]

1. c4 Nf6 2. Nc3 e6 3. e4 d5 4. e5 Ne4 5. Nxe4 dxe4 6. Qg4 Qd4 7. Nf3 Qc5 8. Qxe4 Nc6 9. Be2 Be7 10. O-O Bd7
11. d4 Qb4 12. Bd2 Qxb2 13. d5 Nb8 14. a4 Qb6 15. Rfb1 Qc5 16. Rxb7 O-O 17. a5 Na6 18. Be3 Qb4 19. Rxb4 Nxb4 20. h4 exd5
21. cxd5 g6 22. h5 Rfb8 23. hxg6 hxg6 24. Bg5 Bf8 25. Bf6 Bg7 26. Ng5 c6 27. Qh4
1-0

[Event "Some Davids looking for Goliaths!!"]
[Site "SchemingMind.com"]
[Date "2012.08.28"]
[Round "-"]
[White "GreeneKing"]
[Black "Coretismo"]
[Result "0-1"]
[WhiteCountry "SCO"]
[BlackCountry "ENG"]
[WhiteElo "1859"]
[WhiteRD "78"]
[BlackElo "2012"]
[BlackRD "84"]
[GameID "316609"]

1. e4 e5 2. Nf3 Nc6 3. Bb5 a6 4. Ba4 Nf6 5. O-O Bc5 6. c3 O-O 7. d3 b5 8. Bc2 d6 9. d4 Bb6 10. h3 h6
11. Re1 Qe7 12. b3 Na5 13. Nbd2 c5 14. Bb2 cxd4 15. cxd4 Nc6 16. Nf1 Qa7 17. dxe5 Bxf2+ 18. Kh1 dxe5 19. Nxe5 Nxe5 20. Bxe5 Bxe1
21. Qxe1 Qe7 22. Bxf6 Qxf6 23. e5 Qf4 24. Be4 Ra7 25. g3 Qg5 26. h4 Qe7 27. Qe3 f6 28. exf6 Rxf6 29. Kh2 Rc7 30. Re1 Kh8
31. Bg2 Re6 32. Qf2 Rxe1
0-1

[Event "Some Davids looking for Goliaths!!"]
[Site "SchemingMind.com"]
[Date "2012.08.31"]
[Round "-"]
[White "Coretismo"]
[Black "GreeneKing"]
[Result "1-0"]
[WhiteCountry "ENG"]
[BlackCountry "SCO"]
[WhiteElo "2047"]
[WhiteRD "80"]
[BlackElo "1806"]
[BlackRD "72"]
[GameID "316616"]

1. c4 Nf6 2. Nc3 e6 3. g3 g6 4. Bg2 Bg7 5. d4 O-O 6. Nf3 c6 7. O-O d5 8. Ne5 Nbd7 9. f4 Nxe5 10. fxe5 Ne8
11. Qd3 f5 12. cxd5 exd5 13. Be3 b5 14. Rac1 Bb7 15. Qd2 Nc7 16. b4 Ne6 17. a4 Qd7 18. axb5 cxb5 19. Nd1 Rac8 20. Nb2 Rf7
21. Nd3 Bf8 22. Rxc8 Qxc8 23. Nc5 Rc7 24. Qa2 Nxc5 25. dxc5 Qa8 26. Rd1 Rd7 27. e6 Rd8 28. Bg5 Re8 29. e4 fxe4 30. Bxe4 Be7
31. Bxe7 Rxe7 32. Bxd5 Bc6 33. Bxc6 Qxc6 34. Rd8+ Kg7 35. Qb2+ Kh6 36. Qd2+ Kg7 37. Qd4+ Kh6 38. Qh4+
1-0

[Event "Some Davids looking for Goliaths!!"]
[Site "SchemingMind.com"]
[Date "2012.09.04"]
[Round "-"]
[White "reo"]
[Black "Clive Everill"]
[Result "1/2-1/2"]
[WhiteCountry "THA"]
[BlackCountry "CZE"]
[WhiteElo "1864"]
[WhiteRD "83"]
[BlackElo "1729"]
[BlackRD "55"]
[GameID "317315"]

1. d4 Nf6 2. c4 g6 3. Nc3 d5 4. Nf3 Bg7 5. e3 O-O 6. b3 c5 7. cxd5 cxd4 8. Nxd4 Nxd5 9. Bb2 a6 10. Be2 e5
11. Nf3 Nxc3 12. Bxc3 Qxd1+ 13. Rxd1 Re8 14. h3 e4 15. Nd4 Nc6 16. O-O Nxd4 17. Bxd4 Bxd4 18. Rxd4 b5 19. Rc1 Ra7 20. Rd6 Be6
21. Bg4 f5 22. Bd1 Kf7 23. g4 fxg4 24. Bxg4 Bxg4 25. hxg4 Ree7= 26. Rcc6 a5 27. a3 Re5 28. b4 axb4 29. axb4 Rg5 30. Rf6+ Kg7
31. Rf4 Re5 32. Rc5 Rae7 33. Rxe5 Rxe5 34. Kf1=
1/2-1/2

[Event "Some Davids looking for Goliaths!!"]
[Site "SchemingMind.com"]
[Date "2012.09.04"]
[Round "-"]
[White "Clive Everill"]
[Black "reo"]
[Result "1-0"]
[WhiteCountry "CZE"]
[BlackCountry "THA"]
[WhiteElo "1729"]
[WhiteRD "55"]
[BlackElo "1864"]
[BlackRD "83"]
[GameID "317320"]

1. e4 Nc6 2. d4 d5 3. e5 Bf5 4. Ne2 h6 5. Ng3 Bh7 6. Bb5 e6 7. O-O a6 8. Bxc6+ bxc6 9. c3 Ne7 10. f4 Nf5
11. Nxf5 Bxf5 12. g4 Be4 13. Nd2 Bd3 14. Rf2 Be7 15. Nf1 Bh7 16. Ne3 Bh4 17. Rf3 Be4 18. Rh3 a5 19. Qa4 O-O 20. Qxc6 g5
21. f5 Qc8 22. f6 a4 23. Ng2 Bxg2 24. Kxg2 Ra6 25. Qb5 c6 26. Qe2 Qb7 27. Be3 Rb8 28. Rb1 Rb6 29. Bc1 c5 30. dxc5 Rb5
31. Kg1 Rxc5 32. Qe3 Qc7 33. Rxh4 d4 34. cxd4
1-0

[Event "Some Davids looking for Goliaths!!"]
[Site "SchemingMind.com"]
[Date "2012.12.23"]
[Round "-"]
[White "John Galvin"]
[Black "bull mccabe"]
[Result "1-0"]
[WhiteCountry "USA"]
[BlackCountry "IRL"]
[WhiteElo "2350"]
[WhiteRD "76"]
[BlackElo "1946"]
[BlackRD "139"]
[GameID "323482"]

1. e4 c5 2. Nf3 Nc6 3. Bb5 d6 4. O-O Bd7 5. Re1 Nf6 6. c3 a6 7. Ba4 b5 8. Bc2 e5 9. d4 cxd4 10. cxd4 Be7
11. h3 O-O 12. Nc3 Qc7 13. Nd5 Nxd5 14. exd5 Nb4 15. Bb1 Nxd5 16. dxe5 Bc6 17. e6 fxe6 18. Nd4 Bd7 19. Nxe6 Bxe6 20. Rxe6 Nf6
21. Bg5 Qc5 22. Be3 Qc7 23. Bf5 Rae8 24. Rc1 Qb7 25. Qd3 Kh8 26. b3 Rf7 27. Bd4 Rc8 28. Rd1 Nh5 29. g3
1-0

[Event "Some Davids looking for Goliaths!!"]
[Site "SchemingMind.com"]
[Date "2012.12.24"]
[Round "-"]
[White "bull mccabe"]
[Black "John Galvin"]
[Result "0-1"]
[WhiteCountry "IRL"]
[BlackCountry "USA"]
[WhiteElo "1946"]
[WhiteRD "139"]
[BlackElo "2350"]
[BlackRD "76"]
[GameID "323485"]

1. e4 e5 2. Nf3 Nc6 3. Bb5 a6 4. Ba4 Nf6 5. O-O Be7 6. Re1 b5 7. Bb3 d6 8. c3 O-O 9. h3 Na5 10. Bc2 c5
11. d4 Nd7 12. Nbd2 exd4 13. cxd4 Nc6 14. Nf1 cxd4 15. Nxd4 Nxd4 16. Qxd4 Ne5 17. Bf4 Bf6 18. Qb4 Be6 19. Ne3 Nc6 20. Qxd6 Qxd6
21. Bxd6 Bxb2 22. Rab1 Bc3 23. Bxf8 Kxf8 24. a3 Bxe1 25. Rxe1 Rc8 26. Bd3 Na5 27. Nd5 Nc4 28. Bxc4 Rxc4 29. Nf4 Ke7
0-1

[Event "Some Davids looking for Goliaths!!"]
[Site "SchemingMind.com"]
[Date "2013.01.09"]
[Round "-"]
[White "Coretismo"]
[Black "Clive Everill"]
[Result "1-0"]
[WhiteCountry "ENG"]
[BlackCountry "CZE"]
[WhiteElo "2057"]
[WhiteRD "79"]
[BlackElo "1736"]
[BlackRD "52"]
[GameID "324423"]

1. c4 Nf6 2. d4 e6 3. Nf3 b6 4. e3 d5 5. Nc3 Bb7 6. cxd5 exd5 7. Bd3 Bd6 8. O-O O-O 9. Qc2 Re8 10. Nb5 Ba6
11. Bd2 c6 12. Nxd6 Bxd3 13. Qxd3 Qxd6 14. b4 Ne4 15. Rac1 Nd7 16. Rfd1 Nxd2 17. Qxd2 f6 18. Ne1 Nf8 19. Nd3 Ne6 20. a4 Ng5
21. Qc2 Rac8 22. Qb3 Kh8 23. b5 c5 24. Qa3 Qe7 25. dxc5 bxc5 26. Nxc5 Ne4 27. Rxd5 Rcd8 28. Rxd8 Rxd8 29. f3 Nxc5 30. Qxc5 Qd7
31. a5 h6 32. b6 axb6 33. axb6 Qb7 34. Qc7 Qd5 35. b7 Qg8 36. Qc8 Kh7 37. b8=Q Rxc8 38. Qxc8 Qd5 39. Qc2+ Kh8 40. Ra1 g5
41. Qg6
1-0

[Event "Some Davids looking for Goliaths!!"]
[Site "SchemingMind.com"]
[Date "2013.01.08"]
[Round "-"]
[White "Clive Everill"]
[Black "Coretismo"]
[Result "0-1"]
[WhiteCountry "CZE"]
[BlackCountry "ENG"]
[WhiteElo "1723"]
[WhiteRD "50"]
[BlackElo "2054"]
[BlackRD "82"]
[GameID "324428"]

1. Nf3 Nf6 2. g3 d5 3. Bg2 g6 4. O-O Bg7 5. d3 O-O 6. Nbd2 c5 7. e4 Nc6 8. a4 dxe4 9. dxe4 Qc7 10. Qe2 Rd8
11. Ra3 Bg4 12. h3 Nd4 13. Qd1 Nxf3+ 14. Bxf3 Bxh3 15. Re1 Be6 16. Qe2 c4 17. Bg2 Ng4 18. Nf1 Bd4 19. Be3 Bxb2 20. Ra2 c3
21. Rxb2 cxb2 22. Bf4 Qb6 23. c3 b1=Q 24. Rxb1 Qxb1 25. Bh3 h5 26. Kg2 Rac8 27. Bd2 Bc4
0-1

[Event "Some Davids looking for Goliaths!!"]
[Site "SchemingMind.com"]
[Date "2013.04.10"]
[Round "-"]
[White "Coretismo"]
[Black "John Galvin"]
[Result "0-1"]
[WhiteCountry "ENG"]
[BlackCountry "USA"]
[WhiteElo "2033"]
[WhiteRD "78"]
[BlackElo "2362"]
[BlackRD "71"]
[GameID "329761"]

1. d4 Nf6 2. c4 g6 3. Nc3 d5 4. cxd5 Nxd5 5. e4 Nxc3 6. bxc3 Bg7 7. Nf3 c5 8. Be3 Qa5 9. Qd2 Nc6 10. Rc1 cxd4
11. cxd4 Qxd2+ 12. Kxd2 O-O 13. d5 Rd8 14. Ke1 Nb4 15. Bd2 Na6 16. Bb5 e6 17. Bxa6 bxa6 18. Ba5 Rd6 19. Bc7 Rd7 20. dxe6 fxe6
21. Ke2 a5 22. Rhd1 Ba6+ 23. Ke1 Rxd1+ 24. Kxd1 Rc8 25. Bf4 Rxc1+ 26. Kxc1 Bd3 27. e5 Be4 28. Kb2 Bxf3 29. gxf3 g5 30. Bg3 Kf7
31. Kb3 Kg6 32. Ka4 h5 33. h3 Kf5 34. Kxa5 h4 35. Bh2 Bxe5 36. Bxe5 Kxe5 37. Ka6 Kf4 38. Kxa7 Kxf3 39. Kb6 g4
0-1

[Event "Some Davids looking for Goliaths!!"]
[Site "SchemingMind.com"]
[Date "2013.04.08"]
[Round "-"]
[White "John Galvin"]
[Black "Coretismo"]
[Result "1-0"]
[WhiteCountry "USA"]
[BlackCountry "ENG"]
[WhiteElo "2350"]
[WhiteRD "72"]
[BlackElo "2024"]
[BlackRD "82"]
[GameID "329765"]

1. e4 e5 2. Nf3 Nc6 3. Bb5 a6 4. Ba4 Nf6 5. O-O Be7 6. Bxc6 dxc6 7. Qe2 O-O 8. Nxe5 Re8 9. d3 Bc5 10. Nf3 Ng4
11. h3 Nxf2 12. Rxf2 Bxf2+ 13. Qxf2 Be6 14. Nc3 Qe7 15. Bf4 f6 16. a3 Rad8 17. e5 Bd5 18. exf6 Qxf6 19. Bg5
1-0